| 000 | 04091nas1a22004331i 4500 | ||
|---|---|---|---|
| 001 | RU\NLR\INFOCOMM18\1000037470 | ||
| 005 | 20260407090140.0 | ||
| 035 | _a(NLR Aleph) 002279421 | ||
| 090 |
_a4027658 _c4027658 |
||
| 100 | _a20031204c1987 |||y0rusy50 ca | ||
| 101 | 0 | _arus | |
| 102 | _aRU | ||
| 110 | _aayu||||0|y0 | ||
| 200 | 1 |
_aОтчет о деятельности _fАН СССР. Сиб. отд-ние |
|
| 210 |
_aНовосибирск _d1987- |
||
| 710 | 0 | 2 |
_aАН СССР _bСибирское отделение _3RU\NLR\AUTH\8814006 _9301138 |
| 801 | 1 |
_aRU _bInfoComm _c20031204 |
|
| 801 | 0 |
_aRU _bNLR _gPSBO |
|
| 852 |
_aNLR _jП1/488 |
||
| 942 | _cJOURNAL | ||
| 980 | _aRUSPER | ||